Welcome to WEB OPAC of MRSPTU Central Library

Non-destructive testing techniques (Record no. 5911)

MARC details
000 -LEADER
fixed length control field 00443nam a2200169Ia 4500
008 - FIXED-LENGTH DATA ELEMENTS--GENERAL INFORMATION
fixed length control field 230711s9999||||xx |||||||||||||| ||und||
020 ## - INTERNATIONAL STANDARD BOOK NUMBER
International Standard Book Number 978-81-224-2588-8
041 ## - LANGUAGE CODE
Language code of text/sound track or separate title ENG
082 ## - DEWEY DECIMAL CLASSIFICATION NUMBER
Classification number 620.1127
Item number RA-N
100 ## - MAIN ENTRY--PERSONAL NAME
Personal name Prakash,Ravi
245 #0 - TITLE STATEMENT
Title Non-destructive testing techniques
250 ## - EDITION STATEMENT
Edition statement 1st . Ed.
260 ## - PUBLICATION, DISTRIBUTION, ETC.
Date of publication, distribution, etc. 2010
Place of publication, distribution, etc. New Delhi
Name of publisher, distributor, etc. New Age International Publishers
300 ## - PHYSICAL DESCRIPTION
Extent 134p.
650 ## - SUBJECT ADDED ENTRY--TOPICAL TERM
Topical term or geographic name entry element Mechanical Engineering
942 ## - ADDED ENTRY ELEMENTS (KOHA)
Koha item type Book
Holdings
Withdrawn status Lost status Damaged status Not for loan Collection Home library Current library Date acquired Cost, normal purchase price Inventory number Total checkouts Full call number Barcode Date last seen Price effective from Koha item type
          MRSPTU Central Library MRSPTU Central Library   325.00 2142502   620.1127 RA-N 31904 01/29/2024 08/17/2023 Book
          MRSPTU Central Library MRSPTU Central Library   325.00 2142502   620.1127 RA-N 31905 08/17/2023 08/17/2023 Book
          MRSPTU Central Library MRSPTU Central Library   325.00 2142502   620.1127 RA-N 31906 08/17/2023 08/17/2023 Book
          MRSPTU Central Library MRSPTU Central Library   325.00 2142502   620.1127 RA-N 31907 08/17/2023 08/17/2023 Book
          MRSPTU Central Library MRSPTU Central Library   325.00 2142502   620.1127 RA-N 31908 08/17/2023 08/17/2023 Book
          MRSPTU Central Library MRSPTU Central Library   325.00 2142502   620.1127 RA-N 31909 08/17/2023 08/17/2023 Book
          MRSPTU Central Library MRSPTU Central Library 09/01/2043       620.1127 RA-N 39835 08/17/2023 08/17/2023 Book
          MRSPTU Central Library MRSPTU Central Library 09/01/2043       620.1127 RA-N 39836 08/17/2023 08/17/2023 Book
          MRSPTU Central Library MRSPTU Central Library 09/01/2043       620.1127 RA-N 39837 08/17/2023 08/17/2023 Book
          MRSPTU Central Library MRSPTU Central Library 09/01/2043       620.1127 RA-N 39838 08/17/2023 08/17/2023 Book
          MRSPTU Central Library MRSPTU Central Library 09/01/2043       620.1127 RA-N 39839 08/17/2023 08/17/2023 Book
          MRSPTU Central Library MRSPTU Central Library 09/01/2043       620.1127 RA-N 39840 08/17/2023 08/17/2023 Book

Website Designed and Developed by MRSPTU Central Library Team

E-mail Id: librarian@mrsptu.ac.in